00345 a2200133 450000100060000002000180000604000370002410000310006124000420009224500370013430000070017136200090017865000240018774359 a9788532273949 cAnchieta - Colégio São Paulo aBarbosa, Rogério Andrade10aEm Angola tem? No Brasil Tambem!lpor10aEm Angola tem? No Brasil Tambem! a440 a2010 4aLiteratura infantil